000 00444nam a2200193Ia 4500
008 151119s9999||||xx |||||||||||||| ||und||
082 _a181.4
082 _bGKKV10518
100 _aCENTRAL CHINMAYA
245 _aGLORY OF THE MOTHER
260 _a--
260 _b--
260 _c0
600 _aCENTRAL CHINMAYA
630 _aGLORY OF THE MOTHER
700 _aCENTRAL CHINMAYA
730 _aGLORY OF THE MOTHER
942 _cBOOK
999 _c1064642
_d1064639